Algebra

Αποθηκεύτηκε σε:
Λεπτομέρειες βιβλιογραφικής εγγραφής
Κύριοι συγγραφείς: Bogdanof, Zlate, Georgescu-Buzau, Eremia (Συγγραφέας), Panaitopol, L. (Συγγραφέας)
Μορφή: Βιβλίο
Γλώσσα:Romanian
Δημοσίευση: Bucuresti : Editura didactica si pedagogica, 1975
Θέματα:
Ετικέτες: Προσθήκη ετικέτας
Δεν υπάρχουν, Καταχωρήστε ετικέτα πρώτοι!

MARC

LEADER 00000cam a2200000 a 4500
001 1/107290
008 150708s1975####rm | ||| |||| ||rum||
040 |a GR-MyUa  |b gre  |c GR-MyUa  |e AACR2 
041 0 |a rum 
082 7 |a 512.9   |2 (23) 
100 1 |a Bogdanof, Zlate. 
245 1 0 |a Algebra /   |c Zlate Bogdanof ; Eremia Georgescu-Buzau ; L. Panaitopol. 
260 |a Bucuresti :   |b Editura didactica si pedagogica,   |c 1975  
300 |a 2τ (149, 109 σ.) :   |b διαγρ., σχέδια ;   |c 24 εκ.  
505 8 |a τ.1. Manual pentru anul l licee. 
505 8 |a τ.2. Manual pentru anul ll licee. 
650 0 |a Algebra. 
700 1 |a Georgescu-Buzau, Eremia,  |e aut 
700 1 |a Panaitopol, L.  |e aut 
852 |a INST  |b SAMOS  |c MAG  |e 20150708  |h 512.9 BOG  |p 005300035685  |q 005300035685  |t BK  |v τομ.1:  |y 0 
852 |a INST  |b SAMOS  |c MAG  |e 20150708  |h 512.9 BOG  |p 005300042300  |q 005300042300  |t BK  |v τομ.2:  |y 0 
853 |a INST  |b SAMOS  |c MAG  |h 512.9 BOG 
970 |a Σιτζίμη  |b Γιασεμή  |z 08/07/2015